Statistiques concernant Légendes du football #1

Cliquez ici pour prendre le quiz!

Statistiques générales

  • Ce quiz a été pris 1 981 fois
    (1 978 depuis la dernière actualisation)
  • Le résultat moyen est 8 sur 20

Statistiques - réponses

IndicesNom% Correct
Meilleur buteur de l'histoire de la Mannschaft (71 buts) et meilleur buteur de l'histoire de la coupe du monde (16 buts). Son domaine de prédilection était le jeu aérienMiroslav Klose
86%
Surnommé "le divin à la queue de cheval", il porta l'équipe d'Italie lors de la coupe du monde 1994. Il manqua le dernier penalty de la séance de tirs au but, offrant la coupe du monde au BrésilRoberto Baggio
83%
Meilleur buteur de l'histoire de Chelsea avec 211 buts. Ce milieu anglais fut capitaine des Blues lors de la finale de la ligue des Champions 2012. Doté d'un frappe à la fois puissante et préciseFrank Lampard
74%
Ce gardien néerlandais détient le record de minutes jouées sans encaisser de but en Premier League (1311). Il fit les beaux jours de Manchester United et se révéla décisif durant la séance de tirs au but de la finale de la ligue des champions 2008, face à ChelseaEdwin van der Sar
66%
Ce gardien allemand, connu pour sa hargne et son agressivité, même avec ses coéquipiers, est à ce jour le seul gardien nommé meilleur joueur d'une coupe du monde, en 2002, où il n'encaissa que 2 buts, en finale face à Ronaldo Nazario de LimaOliver Kahn
61%
Véritable renard des surfaces, cet attaquant italien marqua l'histoire du Milan AC. Il est surtout connu pour sa façon d'exulter à chaque but, et pour sa capacité à marquer avec n'importe quoi (pied, tête, genou, omoplate)Filippo "Pippo" Inzaghi
51%
Surnommé "the non-flying Dutchman" en référence à sa peur de l'avion, cet attaquant néerlandais fit partie des "Invincibles" d'Arsenal. Il marqua un but magistral qui qualifia les Pays-Bas face à l'Argentine lors de la coupe du monde 1998Dennis Bergkamp
48%
Légende du stade de Reims et du Real Madrid, ce joueur fit partie de l'invincible Real Madrid de la fin des années 1950. Avec Just Fontaine et Roger Piantoni, il fit le bonheur de l'équipe de France lors de la coupe du monde 1958Raymond Kopa
46%
Il est le plus grand joueur de l'histoire du football danois. Il sillona les grands d'Europe (Juventus,Barcelone, Real Madrid, Ajax). Son frère Brian remporta l'Euro 1992 avec le DanemarkMichael Laudrup
44%
Ce défenseur espagnol était doté d'une qualité de passe rare et d'une capacité à marquer (1 but tous les 6 matchs avec son club de coeur, le Real Madrid). Il fit partie de l'équipe des "Galactiques".Fernando Hierro
43%
Probablement le plus grand joueur anglais de l'histoire. Il forma à Manchester United, avec George Best et Dennis Law, un trio offensif qui fit régner la terreur sur l'Europe à la fin des années 1960. Vainqueur de la coupe du monde 1966, il fut anobli par Elizabeth IIBobby Charlton
42%
Avec Ryan Giggs et Gareth Bale, ce joueur est le meilleur que les Gallois aient connu. C'est une légende de Liverpool (il est le meilleur buteur de l'histoire du club). Deux fois vainqueur de la C1 en 1981 et 1984Ian Rush
35%
Milieu offensif de légende au Flamengo de Rio, meilleur buteur de l'histoire du club, ce joueur fit partie d'une des plus belles équipes du Brésil (avec Socrates, Tostao, Falcao entre autres). Il est célèbre en France pour avoir manqué son penalty face au gardien Joel Bats en quarts de finale de la coupe du monde 1986Zico
28%
Un des plus grands défenseurs de l'histoire de l'OM. Ce défenseur, connu pour jouer libéro, fit partie de l'équipe de France 1982 qui vécut la "nuit de Séville" face à la RFAMarius Trésor
24%
Un des plus grands buteurs argentins. Il marqua 6 buts lors de la coupe du monde 1978 dont 2 en finale face aux Pays-Bas, offrant sa 1ère coupe du monde à l'AlbicelesteMario Kempes
18%
Un autre latéral légendaire de l'Inter Milan. Joueur le plus capé de l'histoire du club (858 matchs), cet Argentin parvint à se maintenir 19 ans au plus haut niveau mondial. L'apogée de sa carrière fut la victoire de l'Inter en C1 en 2010 contre le Bayern MunichJavier Zanetti
17%
Surnommé "Johan II" en référence à son compère au FC Barcelone et en sélection néerlandaise, Johan Cruyff. Il marqua sur penalty à la 2ème minute lors de la finale de la coupe du monde 1974Johan Neeskens
10%
Moins connu du grand public que son compatriote Ferenc Puskas, il n'en était pas moins un formidable buteur. Il marqua 11 fois avec le "Onze d'or hongrois" lors de la coupe du monde 1954Sandor Kocsis
8%
Joueur très élégant, un des meilleurs latéraux de l'histoire, ce joueur fit toute sa carrière à l'Inter Milan. Il remporta deux fois de suite la ligue des champions en 1964 et 1965Giacinto Facchetti
6%
Milieu défensif italien, il faisait partie de la Juventus de Platini, Boniek et Rossi, entre autres. Il marqua lors de la finale de la coupe du monde 1982 et célébra son but d'un cri extatique, faisant partie de l'histoire de la coupe du mondeMarco Tardelli
4%

Distribution des résultats

Percentile par nombre de réponses

% des personnes avec chaque résultat

Votre développement - résultats

Vous n’avez pas pris ce quiz depuis la dernière actualisation